Normal view
MARC view
Entry Uniform Title
001 - CONTROL NUMBER
- control field: 38455
003 - CONTROL NUMBER IDENTIFIER
- control field: dpl
005 - DATE AND TIME OF LATEST TRANSACTION
- control field: 20120106110232.0
008 - FIXED-LENGTH DATA ELEMENTS
- fixed length control field: 120106|||a|||||| | ||| d
040 ## - CATALOGING SOURCE
- Original cataloging agency: dpl
- Transcribing agency: dpl
130 ## - HEADING--UNIFORM TITLE
- Uniform title: Makers of history series
670 ## - SOURCE DATA FOUND
- Source citation: Work cat.: (dpl)60418: 38337, Speeches of Mother Teresa and other leaders /, 2011
670 ## - SOURCE DATA FOUND
- Source citation: Work cat.: (dpl)60418: 38337, Speeches of Mother Teresa and other leaders /, 2011
